000 01172nam0a22003011 4500
001 RU\NLR\INFOCOMM_238\5000000291
005 20250613085917.0
035 _a(NLR Aleph) 009046871
090 _a9564574
_c9564574
100 _a20080825d1975 |||y0rusy50 ca
101 1 _aeng
_crus
102 _aRU
105 _ay ||||000|y
200 1 _aˆThe ‰scientific and technological revolution - its impact on management and education
_e[Transl. from the Russ. ...]
_fV. G. Afanasyev
210 _aΜ.
_c"Progress"
_d1975
215 _a320 с.
_d21 см
225 1 _aCurrent problems
300 _aНа обороте тит. л.: В. Г. Афанасьев. Научно-техническая революция, управление, образование
606 _aУправление
_xСоциология
_2nlr_sh1
606 _aНаучно-техническая революция
_2nlr_sh1
686 _aС556.55
_2rubbk
700 1 _9z03790
_aAfanas'ev
_bV. G.
_f1922-
_gViktor Grigor'evič
_4070
790 1 _9z03700
_aAfanasyev
_bV. G.
_4070
801 1 _aRU
_bNLR
_c20080825
801 0 _aRU
_bNLR
_gPSBO
852 _aNLR
_jД01 Д-3/293
942 _cBOOK
980 _aNB